<?xml version="1.0" encoding="UTF-8"?>
<record
    xmlns:xsi="http://www.w3.org/2001/XMLSchema-instance"
    xsi:schemaLocation="http://www.loc.gov/MARC21/slim http://www.loc.gov/standards/marcxml/schema/MARC21slim.xsd"
    xmlns="http://www.loc.gov/MARC21/slim">

  <leader>01443nas a2200277 i 4500</leader>
  <controlfield tag="001">252471</controlfield>
  <controlfield tag="005">20260224093415.0</controlfield>
  <controlfield tag="007">ta</controlfield>
  <controlfield tag="008">260224e1998    dr b  ppro   ||   zospa ||   | </controlfield>
  <datafield tag="011" ind1=" " ind2=" ">
    <subfield code="a">          </subfield>
  </datafield>
  <datafield tag="040" ind1=" " ind2=" ">
    <subfield code="a">DO-SdBNP</subfield>
    <subfield code="b">spa</subfield>
    <subfield code="c">BNPHU</subfield>
    <subfield code="e">rda</subfield>
  </datafield>
  <datafield tag="041" ind1=" " ind2=" ">
    <subfield code="h">spa</subfield>
  </datafield>
  <datafield tag="245" ind1=" " ind2=" ">
    <subfield code="a">Revista agropecuaria nacional : </subfield>
    <subfield code="b">por el desarrollo de la agropecuaria.</subfield>
  </datafield>
  <datafield tag="264" ind1=" " ind2=" ">
    <subfield code="a">Santo Domingo, Rep&#xFA;blica Dominicana :</subfield>
    <subfield code="b">Editora Ca&#xF1;a Brava, </subfield>
    <subfield code="c">1998.</subfield>
  </datafield>
  <datafield tag="300" ind1=" " ind2=" ">
    <subfield code="a">volumen : </subfield>
    <subfield code="b">ilustraciones, fotograf&#xED;as ; </subfield>
    <subfield code="c">28 cm.</subfield>
  </datafield>
  <datafield tag="310" ind1=" " ind2=" ">
    <subfield code="a">Bimestral. </subfield>
  </datafield>
  <datafield tag="336" ind1=" " ind2=" ">
    <subfield code="a">texto </subfield>
    <subfield code="b">txt </subfield>
    <subfield code="2">rdacontent </subfield>
  </datafield>
  <datafield tag="337" ind1=" " ind2=" ">
    <subfield code="a">sin mediaci&#xF3;n </subfield>
    <subfield code="b">n </subfield>
    <subfield code="2">rdamedia</subfield>
  </datafield>
  <datafield tag="338" ind1=" " ind2=" ">
    <subfield code="a">volumen </subfield>
    <subfield code="b">nc </subfield>
    <subfield code="2">rdacarrier</subfield>
  </datafield>
  <datafield tag="362" ind1=" " ind2=" ">
    <subfield code="a">A&#xF1;o 1. No. 1, agosto-septiembre 1998.</subfield>
  </datafield>
  <datafield tag="500" ind1=" " ind2=" ">
    <subfield code="a">Catalogaci&#xF3;n basada en el: A&#xF1;o 1. No. 1, agosto-septiembre 1998.</subfield>
  </datafield>
  <datafield tag="520" ind1=" " ind2=" ">
    <subfield code="a">La Revista Agropecuaria Nacional, hoy aceptamos el reto que las circunstancias han colocado sobre nuestras manos en la direcci&#xF3;n de este medio. Con la conciencia de la gran necesidad que tiene la agropecuaria y la agroindustria nacional frente a los nuevos cambios de la globalizaci&#xF3;n y el libre comercio, cuyos efectos ya se perciben, honramos el deber de contribuir con el crecimiento de nuestra agropecuaria.</subfield>
  </datafield>
  <datafield tag="650" ind1=" " ind2=" ">
    <subfield code="9">48099</subfield>
    <subfield code="a">Industrias agropecuarias</subfield>
    <subfield code="v">Publicaciones peri&#xF3;dicas </subfield>
    <subfield code="z">Rep&#xFA;blica Dominicana</subfield>
  </datafield>
  <datafield tag="650" ind1=" " ind2=" ">
    <subfield code="9">7565</subfield>
    <subfield code="a">Agricultura</subfield>
    <subfield code="x">Publicaciones peri&#xF3;dicas </subfield>
    <subfield code="z">Rep&#xFA;blica Dominicana</subfield>
  </datafield>
  <datafield tag="942" ind1=" " ind2=" ">
    <subfield code="2">ddc</subfield>
    <subfield code="c">ISSUE</subfield>
  </datafield>
  <datafield tag="952" ind1=" " ind2=" ">
    <subfield code="0">0</subfield>
    <subfield code="1">0</subfield>
    <subfield code="2">ddc</subfield>
    <subfield code="4">0</subfield>
    <subfield code="5">6</subfield>
    <subfield code="7">0</subfield>
    <subfield code="8">SE</subfield>
    <subfield code="a">BNPHU</subfield>
    <subfield code="b">BNPHU</subfield>
    <subfield code="d">2026-02-24</subfield>
    <subfield code="h">A&#xF1;o 1. No. 1, agosto-septiembre 1998</subfield>
    <subfield code="l">0</subfield>
    <subfield code="p">2026-1537</subfield>
    <subfield code="r">2026-02-24</subfield>
    <subfield code="t">e.1</subfield>
    <subfield code="w">2026-02-24</subfield>
    <subfield code="y">ISSUE</subfield>
  </datafield>
  <datafield tag="952" ind1=" " ind2=" ">
    <subfield code="0">0</subfield>
    <subfield code="1">0</subfield>
    <subfield code="2">ddc</subfield>
    <subfield code="4">0</subfield>
    <subfield code="5">6</subfield>
    <subfield code="7">0</subfield>
    <subfield code="8">SE</subfield>
    <subfield code="a">BNPHU</subfield>
    <subfield code="b">BNPHU</subfield>
    <subfield code="d">2026-02-24</subfield>
    <subfield code="h">A&#xF1;o 1. No. 2, octubre-noviembre 1998</subfield>
    <subfield code="l">0</subfield>
    <subfield code="p">2026-1538</subfield>
    <subfield code="r">2026-02-24</subfield>
    <subfield code="t">e.1</subfield>
    <subfield code="w">2026-02-24</subfield>
    <subfield code="y">ISSUE</subfield>
  </datafield>
  <datafield tag="952" ind1=" " ind2=" ">
    <subfield code="0">0</subfield>
    <subfield code="1">0</subfield>
    <subfield code="2">ddc</subfield>
    <subfield code="4">0</subfield>
    <subfield code="5">6</subfield>
    <subfield code="7">0</subfield>
    <subfield code="8">SE</subfield>
    <subfield code="a">BNPHU</subfield>
    <subfield code="b">BNPHU</subfield>
    <subfield code="d">2026-02-24</subfield>
    <subfield code="h">A&#xF1;o 1. No. 3, diciembre 1998</subfield>
    <subfield code="l">0</subfield>
    <subfield code="p">2026-1539</subfield>
    <subfield code="r">2026-02-24</subfield>
    <subfield code="t">e.1</subfield>
    <subfield code="w">2026-02-24</subfield>
    <subfield code="y">ISSUE</subfield>
  </datafield>
  <datafield tag="952" ind1=" " ind2=" ">
    <subfield code="0">0</subfield>
    <subfield code="1">0</subfield>
    <subfield code="2">ddc</subfield>
    <subfield code="4">0</subfield>
    <subfield code="5">6</subfield>
    <subfield code="7">0</subfield>
    <subfield code="8">SE</subfield>
    <subfield code="a">BNPHU</subfield>
    <subfield code="b">BNPHU</subfield>
    <subfield code="d">2026-02-24</subfield>
    <subfield code="h">A&#xF1;o 1. No. 4, enero-febrero 1999</subfield>
    <subfield code="l">0</subfield>
    <subfield code="p">2026-1540</subfield>
    <subfield code="r">2026-02-24</subfield>
    <subfield code="t">e.1</subfield>
    <subfield code="w">2026-02-24</subfield>
    <subfield code="y">ISSUE</subfield>
  </datafield>
  <datafield tag="952" ind1=" " ind2=" ">
    <subfield code="0">0</subfield>
    <subfield code="1">0</subfield>
    <subfield code="2">ddc</subfield>
    <subfield code="4">0</subfield>
    <subfield code="5">6</subfield>
    <subfield code="7">0</subfield>
    <subfield code="8">SE</subfield>
    <subfield code="a">BNPHU</subfield>
    <subfield code="b">BNPHU</subfield>
    <subfield code="d">2026-02-24</subfield>
    <subfield code="h">A&#xF1;o 1. No. 5, marzo-abril 1999</subfield>
    <subfield code="l">0</subfield>
    <subfield code="p">2026-1541</subfield>
    <subfield code="r">2026-02-24</subfield>
    <subfield code="t">e.1</subfield>
    <subfield code="w">2026-02-24</subfield>
    <subfield code="y">ISSUE</subfield>
  </datafield>
  <datafield tag="952" ind1=" " ind2=" ">
    <subfield code="0">0</subfield>
    <subfield code="1">0</subfield>
    <subfield code="2">ddc</subfield>
    <subfield code="4">0</subfield>
    <subfield code="5">6</subfield>
    <subfield code="7">0</subfield>
    <subfield code="8">SE</subfield>
    <subfield code="a">BNPHU</subfield>
    <subfield code="b">BNPHU</subfield>
    <subfield code="d">2026-02-24</subfield>
    <subfield code="h">A&#xF1;o 1. No. 7, julio-agosto 1999</subfield>
    <subfield code="l">0</subfield>
    <subfield code="p">2026-1542</subfield>
    <subfield code="r">2026-02-24</subfield>
    <subfield code="t">e.1</subfield>
    <subfield code="w">2026-02-24</subfield>
    <subfield code="y">ISSUE</subfield>
  </datafield>
  <datafield tag="952" ind1=" " ind2=" ">
    <subfield code="0">0</subfield>
    <subfield code="1">0</subfield>
    <subfield code="2">ddc</subfield>
    <subfield code="4">0</subfield>
    <subfield code="5">6</subfield>
    <subfield code="7">0</subfield>
    <subfield code="8">SE</subfield>
    <subfield code="a">BNPHU</subfield>
    <subfield code="b">BNPHU</subfield>
    <subfield code="d">2026-02-24</subfield>
    <subfield code="h">A&#xF1;o 1. No. 8</subfield>
    <subfield code="l">0</subfield>
    <subfield code="p">2026-1543</subfield>
    <subfield code="r">2026-02-24</subfield>
    <subfield code="t">e.1</subfield>
    <subfield code="w">2026-02-24</subfield>
    <subfield code="y">ISSUE</subfield>
    <subfield code="z">Edici&#xF3;n Aniversario.</subfield>
  </datafield>
  <datafield tag="999" ind1=" " ind2=" ">
    <subfield code="c">60385</subfield>
    <subfield code="d">60385</subfield>
  </datafield>
</record>
